[Event "DVM U14w 2010"]
[Site "Templin OT Groß Dölln GER"]
[Date "2010.12.27"]
[Round "2"]
[White "Polert, Annika"]
[Black "Edel, Fenja"]
[Result "1/2-1/2"]
[Termination "normal"]
[Board "1.1"]
[WhiteElo "1703"]
[BlackElo "1506"]
[WhiteTeam "TuRa Harksheide"]
[BlackTeam "SV Lingen"]
[PlyCount "60"]
[WhiteFideId "24692328"]
[BlackFideId "24696749"]
[EventCountry "GER"]
[EventRounds "7"]
[EventType "team-swiss"]
[EventDate "2010.12.26"]

1. e4 e6 2. c4 c5 3. Nc3 Nc6 4. Nge2 Nf6 5. d4 cxd4 6. Nxd4 Bb4 7. Nxc6 bxc6 8.
e5 Ne4 9. Qd4 Nxc3 10. bxc3 Be7 11. Qg4 g6 12. Bh6 Qa5 13. Qd4 Bc5 14. Qd3 Ba3
15. Be2 Bb2 16. O-O Qxc3 17. Qxc3 Bxc3 18. Bg7 Bxa1 19. Bxh8 Bd4 20. Rd1 c5 21.
Rb1 Ba6 22. Kf1 Kd8 23. Bf6+ Kc7 24. f4 Rb8 25. Rxb8 Kxb8 26. Be7 Kc7 27. Bd3
Kb6 28. Bd8+ Kb7 29. Be7 Kc7 30. Ke2 Kb6 1/2-1/2

[Event "DVM U14w 2010"]
[Site "Templin OT Groß Dölln GER"]
[Date "2010.12.27"]
[Round "2"]
[White "Thole, Ann-Christin"]
[Black "Diederichs, Luise"]
[Result "0-1"]
[Termination "normal"]
[Board "1.2"]
[WhiteElo "1288"]
[BlackElo "1714"]
[WhiteTeam "SV Lingen"]
[BlackTeam "TuRa Harksheide"]
[PlyCount "102"]
[WhiteFideId "12907529"]
[BlackFideId "24661597"]
[EventCountry "GER"]
[EventRounds "7"]
[EventType "team-swiss"]
[EventDate "2010.12.26"]

1. e4 e6 2. d4 d5 3. Nd2 dxe4 4. Nxe4 Nd7 5. Nf3 Ngf6 6. Nxf6+ Nxf6 7. Bd3 c5
8. dxc5 Bxc5 9. O-O O-O 10. Bg5 b6 11. Ne5 Bb7 12. Qd2 Qd5 13. Nf3 Ne4 14. Bxe4
Qxe4 15. h3 h6 16. Bf4 Rfd8 17. Rfe1 Rxd2 18. Rxe4 Rxf2 19. Be3 Rxc2 20. Re5
Bxf3 21. gxf3 Re2 22. Bxc5 Rxe5 23. Bd4 Rd5 24. Bc3 Rad8 25. Kf2 Rd1 26. Rxd1
Rxd1 27. Kg2 f5 28. Be5 Kf7 29. Kg3 g5 30. f4 g4 31. hxg4 Rg1+ 32. Kh2 Rxg4 33.
Kh3 h5 34. a4 Ke7 35. b4 Kd7 36. b5 Rg1 37. Kh4 Rb1 38. Kxh5 Rb4 39. Kg6 Rxa4
40. Kf7 a6 41. bxa6 Rxa6 42. Bd4 b5 43. Kf6 b4 44. Bb2 b3 45. Ke5 Ra2 46. Bc3
b2 47. Bxb2 Rxb2 48. Kf6 Kd6 49. Kg5 e5 50. Kxf5 exf4 51. Kxf4 Re2 0-1

[Event "DVM U14w 2010"]
[Site "Templin OT Groß Dölln GER"]
[Date "2010.12.27"]
[Round "2"]
[White "Zimmermann, Jasmin"]
[Black "Schlichter, Lisa"]
[Result "1/2-1/2"]
[Termination "normal"]
[Board "1.3"]
[WhiteElo "1534"]
[BlackElo "1007"]
[WhiteTeam "TuRa Harksheide"]
[BlackTeam "SV Lingen"]
[PlyCount "59"]
[WhiteFideId "12900400"]
[BlackFideId "12926396"]
[EventCountry "GER"]
[EventRounds "7"]
[EventType "team-swiss"]
[EventDate "2010.12.26"]

1. e4 e5 2. Nf3 Nc6 3. Bb5 d6 4. d4 exd4 5. Nxd4 Bd7 6. Bxc6 Bxc6 7. Nxc6 bxc6
8. O-O Nf6 9. Re1 Be7 10. Nc3 O-O 11. Qf3 Nd7 12. Ne2 Bf6 13. c3 Rb8 14. Nd4
Ne5 15. Qd1 Qd7 16. f4 Ng6 17. Qa4 Bxd4+ 18. Qxd4 a6 19. b3 Qg4 20. Qf2 Rfe8
21. h3 Qd7 22. Bb2 c5 23. Rad1 Qc6 24. f5 Ne5 25. f6 g6 26. Qh4 Re6 27. c4 Qe8
28. Bxe5 Rxe5 29. Rd5 Re6 30. Qg5 1/2-1/2

[Event "DVM U14w 2010"]
[Site "Templin OT Groß Dölln GER"]
[Date "2010.12.27"]
[Round "2"]
[White "Möller, Hannah"]
[Black "Köhler, Inken"]
[Result "0-1"]
[Termination "normal"]
[Board "1.4"]
[WhiteElo "954"]
[BlackElo "1130"]
[WhiteTeam "SV Lingen"]
[BlackTeam "TuRa Harksheide"]
[PlyCount "88"]
[WhiteFideId "1270514"]
[BlackFideId "12929301"]
[EventCountry "GER"]
[EventRounds "7"]
[EventType "team-swiss"]
[EventDate "2010.12.26"]

1. e4 {[%emt 0:00:00]} e5 2. Nf3 Nc6 3. Bc4 Nf6 4. Ng5 d5 5. exd5 Na5 6. Bb5+
c6 7. dxc6 bxc6 8. Qf3 Bb7 9. Be2 c5 10. Bb5+ Ke7 11. Qf5 Qd6 12. Nc3 Bxg2 13.
Rg1 g6 14. Qd3 Qxd3 15. Bxd3 c4 16. Be4 Nxe4 17. Ngxe4 Bh3 18. Nd5+ Kd7 19. Rg5
Bf5 20. Nef6+ Kd6 21. Rg1 Rd8 22. f4 Bxc2 23. fxe5+ Kxe5 24. Rg5+ Ke6 25. b3
Bg7 26. bxc4 Nxc4 27. Rg4 Ne5 28. d4 Nxg4 29. Nxg4 Bxd4 30. Nc7+ Kd7 31. Nb5
Bxa1 32. Bg5 Rb8 33. Nxa7 Rb1+ 34. Kd2 Bf5 35. Nf6+ Ke6 36. a4 Bxf6 37. Bxf6
Kxf6 38. Nc6 Bd7 39. Nd4 Bxa4 40. Ne2 Rb3 41. Nd4 Rd8 42. Ke2 Rxd4 43. Ke1 Rb2
44. Kf1 Rd1# 0-1

[Event "DVM U14w 2010"]
[Site "Templin OT Groß Dölln GER"]
[Date "2010.12.27"]
[Round "2"]
[White "Manusina, Nicole"]
[Black "Reksten, Anne"]
[Result "1/2-1/2"]
[Termination "normal"]
[Board "2.1"]
[WhiteElo "1751"]
[BlackElo "1341"]
[WhiteTeam "SG Oesede-Georgsmarienhütte"]
[BlackTeam "SG Porz"]
[PlyCount "76"]
[WhiteFideId "24657514"]
[BlackFideId "24692778"]
[EventCountry "GER"]
[EventRounds "7"]
[EventType "team-swiss"]
[EventDate "2010.12.26"]

1. d4 d5 2. c4 c6 3. Nf3 Nf6 4. Nc3 e6 5. Bg5 Nbd7 6. e3 Be7 7. Bd3 h6 8. Bh4
O-O 9. O-O Qc7 10. cxd5 exd5 11. Qc2 b6 12. Rfc1 Bd6 13. e4 Bf4 14. Bg3 Bxg3
15. hxg3 dxe4 16. Nxe4 Bb7 17. b4 Rfc8 18. Nfd2 Nd5 19. a3 a5 20. b5 c5 21. Nc4
cxd4 22. Qb2 Nc5 23. Ncd6 Rcb8 24. Qxd4 Qd7 25. Nxc5 Qxd6 26. Nxb7 Rxb7 27. Be4
Rd8 28. Rc6 Qd7 29. Rd1 Ne7 30. Rd6 Qxd6 31. Qxd6 Rxd6 32. Rxd6 Rb8 {=} 33. Kf1
Kf8 34. Ke2 Ke8 35. g4 Ng8 36. Bc6+ Ke7 37. Rd3 Rd8 38. Re3+ Kd6 1/2-1/2

[Event "DVM U14w 2010"]
[Site "Templin OT Groß Dölln GER"]
[Date "2010.12.27"]
[Round "2"]
[White "Gadschisade, Natawan"]
[Black "Böhm, Jana"]
[Result "0-1"]
[Termination "normal"]
[Board "2.2"]
[WhiteElo "1179"]
[BlackElo "1442"]
[WhiteTeam "SG Porz"]
[BlackTeam "SG Oesede-Georgsmarienhütte"]
[PlyCount "108"]
[WhiteFideId "12929565"]
[BlackFideId "24661589"]
[EventCountry "GER"]
[EventRounds "7"]
[EventType "team-swiss"]
[EventDate "2010.12.26"]

1. e4 e6 2. d4 d5 3. exd5 exd5 4. Nf3 Bd6 5. Nc3 c6 6. Bd3 Ne7 7. O-O O-O 8.
Ne2 Qc7 9. Ng3 Bg4 10. h3 Bxf3 11. Qxf3 Ng6 12. Re1 Nd7 13. Bg5 h6 14. Bd2 Rae8
15. Qg4 Nf6 16. Qd1 Bxg3 17. Bxg6 Bh2+ 18. Kh1 fxg6 19. g3 Bxg3 20. fxg3 Qxg3
21. Rxe8 Rxe8 22. Qf1 Re4 23. Be1 Qg5 24. c3 Nh5 25. Qg1 Qxg1+ 26. Kxg1 Nf4 27.
h4 Nd3 28. Bg3 Re3 29. Kg2 Re2+ 30. Kf3 Re7 31. b3 g5 32. hxg5 hxg5 33. Kg4 Re3
34. Bd6 Nf2+ 35. Kxg5 Ne4+ 36. Kf4 Rxc3 37. Bb4 g5+ 38. Kf5 Rf3+ 39. Kg4 Rf4+
40. Kh3 g4+ 41. Kg2 Rf2+ 42. Kg1 g3 43. Be1 Re2 44. Kf1 g2+ 45. Kg1 Ng5 46. Bf2
Nh3+ 47. Kxg2 Nxf2 48. a3 Ne4+ 49. Kh3 Re3+ 50. Kg4 Rxb3 51. Kf5 Kf7 52. Kg4
Rd3 53. Rf1+ Ke7 54. Rf5 Rxd4 0-1

[Event "DVM U14w 2010"]
[Site "Templin OT Groß Dölln GER"]
[Date "2010.12.27"]
[Round "2"]
[White "Siegel, Aurelia"]
[Black "Wang, Yanru"]
[Result "0-1"]
[Termination "normal"]
[Board "2.4"]
[WhiteElo "800"]
[BlackElo "989"]
[WhiteTeam "SG Porz"]
[BlackTeam "SG Oesede-Georgsmarienhütte"]
[PlyCount "108"]
[WhiteFideId "12929581"]
[BlackFideId "12929328"]
[EventCountry "GER"]
[EventRounds "7"]
[EventType "team-swiss"]
[EventDate "2010.12.26"]

1. e4 {[%emt 0:00:00]} e5 {[%emt 0:00:00]} 2. Nf3 Nc6 3. d4 exd4 4. Nxd4 Nge7
5. Bc4 g6 6. Be3 Bg7 7. Nc3 O-O 8. O-O d6 9. Nxc6 Nxc6 10. Qd2 Re8 11. Qd5 Be6
12. Qd3 Ne5 13. Qd2 Bxc4 14. Rfd1 Qh4 15. h3 Qf6 16. Qd4 Qe6 17. Nd5 Rac8 18.
Nf4 Qe7 19. Qxa7 b6 20. Qa4 c5 21. Nd5 Qb7 22. Bf4 Ra8 23. Qxe8+ Rxe8 24. f3
Qc6 25. Bg5 h6 26. Ne7+ Rxe7 27. Bxe7 f6 28. Bxd6 Qb7 29. b3 Bb5 30. a4 Bc6 31.
Bxe5 fxe5 32. Rd2 Qc7 33. Rad1 Bf8 34. c3 c4 35. b4 Bxa4 36. Ra1 Bc6 37. Rad1
h5 38. h4 Qg7 39. Rd8 Qf6 40. Rb8 b5 41. Rc8 Kf7 42. Rdd8 Be7 43. Rh8 Bd7 44.
Rh7+ Ke6 45. Rb8 Qxh4 46. Rb6+ Bd6 47. Rb7 Bc6 48. Rb6 Be8 49. Rbb7 Qe1+ 50.
Kh2 Qxc3 51. Rh8 Bf7 52. Rf8 Bxf8 53. Rxb5 Qxb4 54. Rxb4 Bxb4 0-1

[Event "DVM U14w 2010"]
[Site "Templin OT Groß Dölln GER"]
[Date "2010.12.27"]
[Round "2"]
[White "Bajorski, Maria Sophie"]
[Black "Sieber, Fiona"]
[Result "0-1"]
[Termination "normal"]
[Board "3.1"]
[WhiteElo "1357"]
[BlackElo "1663"]
[WhiteTeam "SK Freiburg-Zähringen 1887 e.V."]
[BlackTeam "SG Burgtonna"]
[PlyCount "118"]
[WhiteFideId "24654531"]
[BlackFideId "12902373"]
[EventCountry "GER"]
[EventRounds "7"]
[EventType "team-swiss"]
[EventDate "2010.12.26"]

1. e4 {[%emt 0:00:00]} c5 2. Nf3 d6 3. d4 cxd4 4. Nxd4 Nf6 5. Nc3 Nc6 6. Bc4 e6
7. Bg5 Be7 8. Bb3 a6 9. O-O O-O 10. Qd3 Qc7 11. Rad1 b5 12. a3 Bb7 13. Rfe1 Na5
14. Qg3 Nxb3 15. Nxb3 Rfd8 16. Kh1 Rac8 17. f3 Kh8 18. Re2 {=} Nh5 19. Qh4 Bxg5
20. Qxg5 Nf6 21. Red2 h6 22. Qg3 d5 23. Qxc7 Rxc7 24. Nc1 Rdc8 25. exd5 Nxd5
26. N1e2 Kg8 27. Kg1 Kf8 28. Kf2 Ke7 29. Kg3 Ne3 30. Rc1 Nc4 31. Rd3 Nxb2 32.
Re3 Nc4 33. Rd3 Nxa3 34. Nd4 Rxc3 35. Rxc3 Rxc3 36. Kf4 Rc4 37. c3 b4 38. Ke3
Rxc3+ 39. Rxc3 bxc3 40. Kd3 c2 41. Nxc2 Nxc2 42. Kxc2 Kd6 43. Kd2 Kd5 44. Kd3
a5 45. f4 Kc5 46. g3 a4 47. Kc3 Kd5 48. Kd3 Bc6 49. h3 a3 50. Kc2 Ke4 51. Kb3
Kf3 52. g4 Kxf4 53. Kxa3 Kg3 54. Kb2 Kxh3 55. Kc2 Kxg4 56. Kd2 Kf3 57. Ke1 Kg2
58. Ke2 h5 59. Ke1 h4 0-1

[Event "DVM U14w 2010"]
[Site "Templin OT Groß Dölln GER"]
[Date "2010.12.27"]
[Round "2"]
[White "Gast, Antonia"]
[Black "Hund, Sarah"]
[Result "1-0"]
[Termination "normal"]
[Board "3.2"]
[WhiteElo "1381"]
[BlackElo "1270"]
[WhiteTeam "SG Burgtonna"]
[BlackTeam "SK Freiburg-Zähringen 1887 e.V."]
[PlyCount "69"]
[WhiteFideId "12929336"]
[BlackFideId "12923338"]
[EventCountry "GER"]
[EventRounds "7"]
[EventType "team-swiss"]
[EventDate "2010.12.26"]

1. c4 {[%emt 0:00:00]} e5 2. Nc3 Nc6 3. g3 Nf6 4. Bg2 Bc5 5. h3 d6 6. e4 Be6 7.
d3 h6 8. Nge2 Qd7 9. a3 a6 10. Nd5 O-O-O 11. b4 Ba7 12. Rb1 Nd4 13. Nxd4 Bxd4
14. Bb2 Nh7 15. g4 Ng5 16. c5 dxc5 17. bxc5 Bxc5 18. Rc1 Bd6 19. Nb6+ Kb8 20.
Nxd7+ Rxd7 21. O-O g6 22. Qe2 h5 23. h4 Bxg4 24. Qe3 Ne6 25. f3 Bc5 26. Rxc5
Nxc5 27. Qxc5 Be6 28. Bxe5 Rhd8 29. Rd1 Bb3 30. Rb1 Ba4 31. Qa5 Bc6 32. d4 Rf8
33. Bh3 f5 34. Qxa6 Bxe4 35. fxe4 1-0

[Event "DVM U14w 2010"]
[Site "Templin OT Groß Dölln GER"]
[Date "2010.12.27"]
[Round "2"]
[White "Krißmer, Maria"]
[Black "Halle, Julia"]
[Result "0-1"]
[Termination "normal"]
[Board "3.3"]
[WhiteElo "800"]
[BlackElo "1152"]
[WhiteTeam "SK Freiburg-Zähringen 1887 e.V."]
[BlackTeam "SG Burgtonna"]
[PlyCount "80"]
[BlackFideId "24694940"]
[EventCountry "GER"]
[EventRounds "7"]
[EventType "team-swiss"]
[EventDate "2010.12.26"]

1. e4 d6 2. d4 g6 3. Nc3 Bg7 4. Nf3 Nd7 5. Bc4 Ngf6 6. e5 dxe5 7. dxe5 Ng4 8.
e6 Nde5 9. Qxd8+ Kxd8 10. Be2 Bxe6 11. Ng5 Ke8 12. Nxe6 fxe6 13. Bxg4 Nxg4 14.
Bf4 e5 15. Bg5 Kf7 16. Nd5 Nf6 17. O-O-O Nxd5 18. Rxd5 Rhd8 19. Rxd8 Rxd8 20.
Kb1 e4 21. a3 Ke6 22. Re1 Kf5 23. Bxe7 Rd7 24. Bc5 Bd4 25. Bxd4 Rxd4 26. Kc1
Kf4 27. g3+ Kf3 28. Re3+ Kxf2 29. c3 Kxe3 30. cxd4 Kf2 31. Kd2 e3+ 32. Kd3 e2
33. Kc4 e1=Q 34. Kb5 c6+ 35. Ka4 b5+ 36. Kb3 Qc1 37. Ka2 Ke2 38. h4 Kd2 39. a4
Kc2 40. axb5 Qxb2# 0-1

[Event "DVM U14w 2010"]
[Site "Templin OT Groß Dölln GER"]
[Date "2010.12.27"]
[Round "2"]
[White "Winterberg, Johanna"]
[Black "Atabay, Hatun"]
[Result "1-0"]
[Termination "normal"]
[Board "3.4"]
[WhiteElo "1080"]
[BlackElo "800"]
[WhiteTeam "SG Burgtonna"]
[BlackTeam "SK Freiburg-Zähringen 1887 e.V."]
[PlyCount "97"]
[WhiteFideId "12929344"]
[BlackFideId "12929603"]
[EventCountry "GER"]
[EventRounds "7"]
[EventType "team-swiss"]
[EventDate "2010.12.26"]

1. e4 e5 2. Nf3 Nc6 3. Bc4 Bc5 4. c3 Nf6 5. d4 Ng4 6. dxc5 O-O 7. Ng5 Qf6 8.
Qxg4 d5 9. Qh4 h6 10. Nf3 Qxh4 11. Nxh4 dxc4 12. Be3 Be6 13. Nd2 b6 14. cxb6
cxb6 15. O-O-O b5 16. b3 b4 17. Bc5 Rfd8 18. Bxb4 Nxb4 19. cxb4 cxb3 20. Nxb3
Rac8+ 21. Kb2 Re8 22. Rd6 Rc4 23. Re1 Rxb4 24. Nf3 Bg4 25. Ra6 Bxf3 26. gxf3
Ra8 27. Ra5 Rd8 28. Rxa7 Rd2+ 29. Kc3 Rdd4 30. Nxd4 Rxd4 31. f4 Rd6 32. fxe5
Rc6+ 33. Kd4 Rc2 34. Rf1 Kh7 35. Kd5 Rd2+ 36. Kc6 Re2 37. Kd5 Rd2+ 38. Kc6 Rc2+
39. Kd7 Rd2+ 40. Ke7 h5 41. Kxf7 h4 42. e6 Rd8 43. e7 Rh8 44. e8=Q Rxe8 45.
Kxe8 Kg8 46. Rg1 Kh8 47. Rgxg7 h3 48. Rh7+ Kg8 49. Rag7# 1-0

[Event "DVM U14w 2010"]
[Site "Templin OT Groß Dölln GER"]
[Date "2010.12.27"]
[Round "2"]
[White "Lemke, Berfîn"]
[Black "Berkes, Katharina"]
[Result "1-0"]
[Termination "normal"]
[Board "4.1"]
[WhiteElo "1509"]
[BlackElo "862"]
[WhiteTeam "SC Diogenes"]
[BlackTeam "SK Langen"]
[PlyCount "53"]
[WhiteFideId "1270578"]
[BlackFideId "12929719"]
[EventCountry "GER"]
[EventRounds "7"]
[EventType "team-swiss"]
[EventDate "2010.12.26"]

1. e4 {[%emt 0:00:00]} e5 2. Nf3 Nc6 3. Bc4 Bc5 4. d3 Nf6 5. Nc3 h6 6. Be3 d6
7. O-O Be6 8. Bxc5 dxc5 9. Bxe6 fxe6 10. Re1 Qd7 11. Nb5 O-O-O 12. a3 a6 13.
Nc3 Rhe8 14. b4 cxb4 15. axb4 Nxb4 16. Qb1 Qd6 17. Nxe5 Qxe5 18. Qxb4 Qd4 19.
Qb3 g5 20. Reb1 Qa7 21. Ra4 Rd6 22. e5 Rb6 23. Nb5 Qa8 24. exf6 Rf8 25. Qc3 Qb8
26. Qa3 Rxf6 27. Qe7 1-0

[Event "DVM U14w 2010"]
[Site "Templin OT Groß Dölln GER"]
[Date "2010.12.27"]
[Round "2"]
[White "Reinecke, Katharina"]
[Black "Hölzer, Jeanette"]
[Result "0-1"]
[Termination "normal"]
[Board "4.2"]
[WhiteElo "860"]
[BlackElo "1286"]
[WhiteTeam "SK Langen"]
[BlackTeam "SC Diogenes"]
[PlyCount "118"]
[WhiteFideId "12929727"]
[BlackFideId "12917982"]
[EventCountry "GER"]
[EventRounds "7"]
[EventType "team-swiss"]
[EventDate "2010.12.26"]

1. e4 {[%emt 0:00:00]} e5 {[%emt 0:00:00]} 2. Nf3 Nc6 3. Bc4 Bc5 4. Nc3 d6 5.
h3 Nf6 6. d3 Be6 7. Nd5 Nb4 8. Nxb4 Bxb4+ 9. Bd2 Bc5 10. Bxe6 fxe6 11. Ng5 Qe7
12. Be3 Bxe3 13. fxe3 d5 14. exd5 exd5 15. d4 {=} O-O 16. O-O {=} Nd7 17. Nf3
Rad8 18. b3 c5 19. dxe5 Nxe5 20. Nxe5 Qxe5 21. Rxf8+ Rxf8 22. Rb1 Qxe3+ 23. Kh1
d4 24. Qh5 b6 25. Qd5+ Kh8 26. Qb7 Qe8 27. Qxa7 Qb8 28. Qxb8 Rxb8 29. Re1 {=}
h6 30. a3 Rf8 31. Kg1 Kg8 32. b4 cxb4 33. axb4 Rc8 34. Rd1 Rc4 35. b5 Kh7 36.
Kh2 {=} Kg6 37. Kg3 Kf5 38. Kf3 Ke5 39. Rd2 Kd5 40. g4 Rb4 41. c3 Ra4 42. cxd4
Rxd4 43. Rb2 Kc5 44. Ke3 Rb4 45. Rxb4 Kxb4 46. Kd3 Kxb5 47. Kd4 Kb4 48. h4 b5
49. g5 Kb3 50. gxh6 gxh6 51. h5 b4 52. Kd3 Ka3 53. Kc2 b3+ 54. Kb1 b2 55. Kc2
Ka2 56. Kd3 b1=R 57. Ke4 Rh1 58. Kf5 Rxh5+ 59. Kg6 Rh1 0-1

[Event "DVM U14w 2010"]
[Site "Templin OT Groß Dölln GER"]
[Date "2010.12.27"]
[Round "2"]
[White "Roth, Mona"]
[Black "Flach, Helene"]
[Result "1/2-1/2"]
[Termination "normal"]
[Board "4.3"]
[WhiteElo "1099"]
[BlackElo "760"]
[WhiteTeam "SC Diogenes"]
[BlackTeam "SK Langen"]
[PlyCount "37"]
[BlackFideId "12929735"]
[EventCountry "GER"]
[EventRounds "7"]
[EventType "team-swiss"]
[EventDate "2010.12.26"]

1. e4 e5 2. Nf3 Nc6 3. Bc4 Bc5 4. c3 Nf6 5. d4 Bd6 6. O-O h6 7. Re1 Be7 8. Qd3
d6 9. Be3 O-O 10. Qd2 Bd7 11. Bxh6 Ne8 12. Be3 Nf6 13. Nh4 Ng4 14. Bg5 Bxg5 15.
Qe2 Bxh4 16. g3 Be7 17. b4 Nf6 18. Bd5 Bg4 19. f3 1/2-1/2

[Event "DVM U14w 2010"]
[Site "Templin OT Groß Dölln GER"]
[Date "2010.12.27"]
[Round "2"]
[White "Kolchugina, Lada"]
[Black "Nöldemann, Celine"]
[Result "0-1"]
[Termination "normal"]
[Board "4.4"]
[WhiteElo "749"]
[BlackElo "899"]
[WhiteTeam "SK Langen"]
[BlackTeam "SC Diogenes"]
[PlyCount "48"]
[WhiteFideId "12929743"]
[BlackFideId "12929476"]
[EventCountry "GER"]
[EventRounds "7"]
[EventType "team-swiss"]
[EventDate "2010.12.26"]

1. e4 e5 2. Nf3 Nc6 3. Nc3 Bc5 4. d3 Nf6 5. Be2 d6 6. O-O Be6 7. Ng5 O-O 8.
Nxe6 fxe6 9. Nb5 a6 10. Na3 Nd7 11. c3 Qf6 12. Be3 Bxe3 13. fxe3 Qg5 14. Qb3
Qxe3+ 15. Rf2 Qxf2+ 16. Kh1 Rf6 17. Qd1 Raf8 18. Bf3 Rh6 19. Qg1 Qg3 20. Rf1
Rf4 21. Be2 Rfh4 22. h3 Rxh3+ 23. gxh3 Qxh3+ 24. Qh2 Qxh2# 0-1

[Event "DVM U14w 2010"]
[Site "Templin OT Groß Dölln GER"]
[Date "2010.12.27"]
[Round "2"]
[White "Siegl, Melina"]
[Black "Bork, Sophie"]
[Result "1/2-1/2"]
[Termination "normal"]
[Board "5.1"]
[WhiteElo "1483"]
[BlackElo "1196"]
[WhiteTeam "SC Bechhofen"]
[BlackTeam "SV Welper 1922"]
[PlyCount "56"]
[WhiteFideId "1272126"]
[BlackFideId "12905429"]
[EventCountry "GER"]
[EventRounds "7"]
[EventType "team-swiss"]
[EventDate "2010.12.26"]

1. e4 {[%emt 0:00:00]} e5 {[%emt 0:00:00]} 2. Nf3 Nf6 3. Nc3 Nc6 4. Bc4 Be7 5.
d3 d6 6. h3 Be6 7. Bb3 O-O 8. Bg5 h6 9. Bh4 Qd7 10. O-O Nh7 11. Bxe7 Qxe7 12.
Bd5 Nd8 13. d4 c6 14. Bxe6 Qxe6 15. d5 cxd5 16. Nxd5 Rc8 17. b3 Nf6 18. Qd3 Nc6
19. c4 Ne7 20. Rfd1 Nexd5 21. exd5 Qd7 22. Qe3 b6 23. Rac1 Nh5 24. Ne1 Nf4 25.
Nd3 Nxd3 26. Qxd3 f5 27. f3 Rf6 28. Re1 f4 1/2-1/2

[Event "DVM U14w 2010"]
[Site "Templin OT Groß Dölln GER"]
[Date "2010.12.27"]
[Round "2"]
[White "Hütte, Sarah"]
[Black "Alsheimer, Lea"]
[Result "1-0"]
[Termination "normal"]
[Board "5.2"]
[WhiteElo "889"]
[BlackElo "1034"]
[WhiteTeam "SV Welper 1922"]
[BlackTeam "SC Bechhofen"]
[PlyCount "55"]
[WhiteFideId "12929611"]
[BlackFideId "12918180"]
[EventCountry "GER"]
[EventRounds "7"]
[EventType "team-swiss"]
[EventDate "2010.12.26"]

1. c4 Nf6 2. Nc3 e6 3. g3 d5 4. cxd5 exd5 5. e3 {[%emt 0:00:00]} a6 6. Bg2 b6
7. d3 Bb7 8. Rb1 c5 9. Bd2 Be7 10. Nge2 Nc6 11. O-O O-O 12. Nf4 Nb4 13. Qe2 Rb8
14. a3 d4 15. exd4 cxd4 16. axb4 dxc3 17. Bxc3 Re8 18. Qc2 Bxg2 19. Kxg2 Nd5
20. Nxd5 Qxd5+ 21. Kg1 Qb5 22. Qd2 Rbd8 23. Rfd1 Rd5 24. Re1 Rxd3 25. Qf4 Bd6
26. Rxe8+ Qxe8 27. Qg4 f6 28. Qc4+ 1-0

[Event "DVM U14w 2010"]
[Site "Templin OT Groß Dölln GER"]
[Date "2010.12.27"]
[Round "2"]
[White "Böse, Carolin"]
[Black "Marx, Jasmin"]
[Result "0-1"]
[Termination "normal"]
[Board "5.3"]
[WhiteElo "753"]
[BlackElo "1136"]
[WhiteTeam "SC Bechhofen"]
[BlackTeam "SV Welper 1922"]
[PlyCount "46"]
[WhiteFideId "12929646"]
[BlackFideId "12929620"]
[EventCountry "GER"]
[EventRounds "7"]
[EventType "team-swiss"]
[EventDate "2010.12.26"]

1. e4 d5 2. Nc3 dxe4 3. Nxe4 Bf5 4. Bd3 e6 5. Nf3 Nc6 6. Nc3 Bxd3 7. cxd3 Qxd3
8. Qe2 Qxe2+ 9. Nxe2 Bb4 10. Nfd4 Nge7 11. Nb5 O-O-O 12. a3 Ba5 13. O-O Bxd2
14. Bxd2 Rxd2 15. Nf4 Rxb2 16. Nc3 Rd8 17. Nh5 g6 18. Nf6 Rc2 19. Nfe4 f5 20.
Rac1 Rxc1 21. Rxc1 fxe4 22. Nb5 h5 23. Rc4 Rd1# 0-1

[Event "DVM U14w 2010"]
[Site "Templin OT Groß Dölln GER"]
[Date "2010.12.27"]
[Round "2"]
[White "Schaller, Bettina"]
[Black "Böse, Christina"]
[Result "1/2-1/2"]
[Termination "normal"]
[Board "5.4"]
[WhiteElo "975"]
[BlackElo "859"]
[WhiteTeam "SV Welper 1922"]
[BlackTeam "SC Bechhofen"]
[PlyCount "38"]
[WhiteFideId "12929638"]
[BlackFideId "12929654"]
[EventCountry "GER"]
[EventRounds "7"]
[EventType "team-swiss"]
[EventDate "2010.12.26"]

1. d4 {[%emt 0:00:00]} Nf6 2. Bf4 e6 3. e3 Be7 4. Nf3 d5 5. Bd3 O-O 6. O-O b6
7. c3 Bb7 8. Nbd2 Nbd7 9. Qc2 c5 10. Rfe1 c4 11. Be2 Ne4 12. Nxe4 dxe4 13. Ne5
Nxe5 14. Bxe5 f6 15. Bf4 Qd5 16. b3 cxb3 17. Qxb3 Qxb3 18. axb3 Rac8 19. Rec1
a5 1/2-1/2

[Event "DVM U14w 2010"]
[Site "Templin OT Groß Dölln GER"]
[Date "2010.12.27"]
[Round "2"]
[White "Weber, Sandra"]
[Black "Hartewig, Anja"]
[Result "1/2-1/2"]
[Termination "normal"]
[Board "6.1"]
[WhiteElo "1575"]
[BlackElo "1404"]
[WhiteTeam "SF Heilbronn-Biberach"]
[BlackTeam "Chemnitzer SC Aufbau`95"]
[PlyCount "47"]
[WhiteFideId "1270049"]
[BlackFideId "12917966"]
[EventCountry "GER"]
[EventRounds "7"]
[EventType "team-swiss"]
[EventDate "2010.12.26"]

1. e4 {[%emt 0:00:00]} d6 2. d4 Nf6 3. Nc3 g6 4. Nf3 Bg7 5. Be2 c6 6. O-O b5 7.
Bd3 O-O 8. h3 Nbd7 9. Be3 a6 10. Ne2 Bb7 11. Ng3 c5 12. c3 Rc8 13. Qe2 Rc7 14.
Rac1 Qa8 15. Bf4 cxd4 16. cxd4 Rfc8 17. Rxc7 Rxc7 18. Rc1 Rxc1+ 19. Bxc1 Qc8
20. Bd2 Nb8 21. Bc3 Nfd7 22. Qe3 Nc6 23. a3 Qb8 24. Qg5 1/2-1/2

[Event "DVM U14w 2010"]
[Site "Templin OT Groß Dölln GER"]
[Date "2010.12.27"]
[Round "2"]
[White "Nitzsche, Pia"]
[Black "Triantafillidis, Zoe"]
[Result "1-0"]
[Termination "normal"]
[Board "6.2"]
[WhiteElo "1522"]
[BlackElo "1278"]
[WhiteTeam "Chemnitzer SC Aufbau`95"]
[BlackTeam "SF Heilbronn-Biberach"]
[PlyCount "69"]
[WhiteFideId "12900370"]
[BlackFideId "12900150"]
[EventCountry "GER"]
[EventRounds "7"]
[EventType "team-swiss"]
[EventDate "2010.12.26"]

1. c4 e5 2. Nc3 Nc6 3. d3 Nf6 4. Nf3 d5 5. cxd5 Nxd5 6. g3 Bb4 7. Bd2 Be6 8. a3
Ba5 9. b4 Bb6 10. Bg2 Bd4 11. Nxd4 exd4 12. Ne4 O-O 13. Nc5 b6 14. Nxe6 fxe6
15. O-O h6 16. Rc1 Qd7 17. Qc2 Nce7 18. Qc4 e5 19. b5 Kh8 20. Bb4 Nxb4 21. Bxa8
Rxa8 22. Qxb4 Rc8 23. Rc2 c5 24. bxc6 Nxc6 25. Qb5 Qb7 26. Qd5 Rc7 27. Rfc1 Ne7
28. Qd8+ Kh7 29. Rxc7 Qd5 30. Qxe7 Qg8 31. Rc8 Qd5 32. R1c7 Kg6 33. Qxg7+ Kf5
34. Rf8+ Ke6 35. Qe7# 1-0

[Event "DVM U14w 2010"]
[Site "Templin OT Groß Dölln GER"]
[Date "2010.12.27"]
[Round "2"]
[White "Triantafillidis, Katherina"]
[Black "Kempe, Anne"]
[Result "0-1"]
[Termination "normal"]
[Board "6.3"]
[WhiteElo "1239"]
[BlackElo "1391"]
[WhiteTeam "SF Heilbronn-Biberach"]
[BlackTeam "Chemnitzer SC Aufbau`95"]
[PlyCount "40"]
[WhiteFideId "24692409"]
[BlackFideId "12918083"]
[EventCountry "GER"]
[EventRounds "7"]
[EventType "team-swiss"]
[EventDate "2010.12.26"]

1. e4 c5 2. Nf3 Nc6 3. d4 cxd4 4. Nxd4 Nf6 5. Nc3 d6 6. Bb5 Bd7 7. Bg5 e6 8.
O-O a6 9. Bxc6 Bxc6 10. Nxc6 bxc6 11. Qd3 Be7 12. Rad1 d5 13. exd5 cxd5 14.
Rfe1 O-O 15. Qg3 Nh5 16. Bxe7 Qxe7 17. Qe5 Nf6 18. Nxd5 Nxd5 19. Qxd5 Qc7 20.
c3 exd5 0-1